Datum a čas kvízu

21.5 Celkem bodů Celkový počet nahraných bodů na tomto kvízu bez doplňovacích otázek.
13. Pořadí na kvízu Konečné umístění týmu na tomto kvízu.

Zaznamenané odpovědi

# Otázka Odpověď Body Výsledky
1. Sociální demokraté si na svém... Ondřej Veselý, Michal Šmarda, Jana Maláčová, Tomáš Petříček, Roman Onderka 0.5
2. Jak se nazývá země, která v re... Pákistán 1
3. Dlouho očekávané tmavé téma do... Messenger 0
4. Irský oděvní řetězec, populárn... Primark 1
5. Český cyklista Zdeněk Štybar o... v Belgii 0
6. Praha, Plzeň, Pardubice, Příbr... Prachatice 1
7. Francium, rubidium, cesium, dr... lithium (Li) 1
8. Babiš, Sobotka, Zeman, Topolán... Josef Tošovský 0
9. Bohdalová, Kubišová, Rettigová... Božena Němcová 1
10. Komedie omylů, Zkrocení zlé že... Mnoho povyku pro nic 0